[Event "Mercredi 2019.01.09 ABCD"]
[Site "Montreal CAN"]
[Date "2019.01.09"]
[Round "1"]
[White "Abdelaal, Ibrahim"]
[Black "Nunez, Omar"]
[Result "1-0"]
[WhiteElo "2022"]
[BlackElo "1941"]
[PlyCount "69"]
[EventDate "2019.01.09"]
[EventType "tourn"]
[EventRounds "5"]
[EventCountry "CAN"]

1. e4 d5 2. exd5 Qxd5 3. Nc3 Qd6 4. Nf3 a6 5. Bc4 Nf6 6. h3 e6 7. O-O Be7 8. d4
b5 9. Bb3 Bb7 10. Re1 O-O 11. Ng5 b4 12. Nce4 Nxe4 13. Nxe4 Qc6 14. Qh5 f5 15.
d5 exd5 16. Ng5 Bxg5 17. Bxg5 Nd7 18. Rad1 Nb6 19. Re7 Rae8 20. Rde1 Rxe7 21.
Rxe7 Nc8 22. Re5 Qd7 23. Qd1 c6 24. Be3 Re8 25. Qd4 a5 26. Qf4 Ne7 27. Bd4 Bc8
28. Ba4 Ng6 29. Rxe8+ Qxe8 30. Qc7 Qd7 31. Qxa5 Nf4 32. Qxb4 Qe6 33. Be3 Ne2+
34. Kh1 d4 35. Bb3 1-0

[Event "Mercredi 2019.01.09 ABCD"]
[Site "Montreal CAN"]
[Date "2019.01.09"]
[Round "1"]
[White "Alcantara, Maximo jr"]
[Black "Gauthier, Luc"]
[Result "1/2-1/2"]
[WhiteElo "1766"]
[BlackElo "1670"]
[PlyCount "63"]
[EventDate "2019.01.09"]
[EventType "tourn"]
[EventRounds "5"]
[EventCountry "CAN"]

1. Nf3 f5 2. d4 Nf6 3. g3 e6 4. Bg2 Be7 5. c4 d6 6. Nc3 O-O 7. O-O Ne4 8. Nd2
Nxc3 9. bxc3 Bf6 10. e4 e5 11. d5 Na6 12. Nb3 b6 13. f3 Nc5 14. Nxc5 bxc5 15.
Rb1 fxe4 16. fxe4 Qe8 17. Rf2 a5 18. Bf3 Qg6 19. Qe2 Bg5 20. Bh5 Rxf2 21. Kxf2
Qf6+ 22. Qf3 Qxf3+ 23. Bxf3 Bxc1 24. Rxc1 Rb8 25. Rc2 Ba6 26. Be2 Kf8 27. Ke3
Ke7 28. Kd2 Rb1 29. Rc1 Rb2+ 30. Rc2 Rb1 31. Rc1 Rb2+ 32. Rc2 1/2-1/2

[Event "Mercredi 2019.01.09 ABCD"]
[Site "Montreal CAN"]
[Date "2019.01.09"]
[Round "1"]
[White "Barko, Maxim"]
[Black "Baran, Marius"]
[Result "0-1"]
[WhiteElo "1880"]
[BlackElo "1766"]
[PlyCount "126"]
[EventDate "2019.01.09"]
[EventType "tourn"]
[EventRounds "5"]
[EventCountry "CAN"]

1. d4 d5 2. c4 e6 3. Nc3 Nf6 4. cxd5 exd5 5. Bg5 Be7 6. Qc2 h6 7. Bh4 O-O 8. e3
c6 9. Bd3 Be6 10. Nge2 Nbd7 11. Nf4 Re8 12. Nxe6 fxe6 13. Bg6 Rf8 14. Bg3 Rc8
15. O-O a6 16. Rac1 Ne8 17. Qb3 Qb6 18. Qc2 Nd6 19. Qe2 Nf6 20. Na4 Qb5 21. Qd1
Nde4 22. Be5 c5 23. f3 Nd2 24. Nc3 Qxf1+ 25. Qxf1 Nxf1 26. Rxf1 b5 27. Ne2 Nd7
28. Bg3 Rc6 29. Nf4 cxd4 30. exd4 Bg5 31. Nd3 Be3+ 32. Bf2 Bxf2+ 33. Rxf2 e5
34. Bh5 e4 35. Nb4 Rc1+ 36. Rf1 Rxf1+ 37. Kxf1 Nf6 38. Bg6 exf3 39. gxf3 a5 40.
Nc6 Ra8 41. Bd3 b4 42. Bb5 Kf8 43. Ba4 Rc8 44. Kf2 Kf7 45. Ne5+ Ke6 46. Nc6 Kd6
47. Nxa5 Rc7 48. Nb3 Rc2+ 49. Kg3 Rxb2 50. Nc1 Rd2 51. Nb3 Rxa2 52. Nc5 Ra3 53.
Kf4 Rc3 54. Nb7+ Kc7 55. Nc5 Kb6 56. Nb3 g5+ 57. Kg3 Ne4+ 58. Kg4 h5+ 59. Kf5
Rxf3+ 60. Kg6 Nc3 61. Bd7 Ne4 62. Ba4 h4 63. Kh5 Rh3 0-1

[Event "Mercredi 2019.01.09 ABCD"]
[Site "Montreal CAN"]
[Date "2019.01.09"]
[Round "1"]
[White "Beaulieu, Pierre"]
[Black "O'Connor, Michael"]
[Result "1/2-1/2"]
[WhiteElo "1877"]
[BlackElo "1768"]
[PlyCount "158"]
[EventDate "2019.01.09"]
[EventType "tourn"]
[EventRounds "5"]
[EventCountry "CAN"]

1. b3 Nf6 2. Bb2 e6 3. e3 d5 4. c4 c5 5. Nf3 Nc6 6. a3 Be7 7. cxd5 exd5 8. d4
cxd4 9. Nxd4 Nxd4 10. Bxd4 O-O 11. Bd3 Be6 12. O-O Qd7 13. Nc3 Bf5 14. Qb1 Bxd3
15. Qxd3 b6 16. Bxf6 Bxf6 17. Nxd5 Qd6 18. Rad1 Qxa3 19. Nxf6+ gxf6 20. Qf5
Rad8 21. Rxd8 Rxd8 22. Qxf6 Rd3 23. Qg5+ Kh8 24. Qf6+ Kg8 25. Qg5+ Kh8 26. f4
Qc5 27. Qxc5 bxc5 28. Rc1 Rxe3 29. Rxc5 Rxb3 30. Rc7 Kg7 31. Rxa7 Rb2 32. Ra6
h5 33. Ra5 Kh6 34. h4 f6 35. Kh2 Rb3 36. g3 Rb2+ 37. Kg1 Rb1+ 38. Kf2 Rb2+ 39.
Kf3 Rb3+ 40. Kg2 Rb2+ 41. Kh3 Rb3 42. Ra2 Kg6 43. Rd2 Ra3 44. Kg2 Rb3 45. Kf2
Ra3 46. Re2 Kf5 47. Re8 Ra2+ 48. Kf3 Ra3+ 49. Kg2 Ra2+ 50. Kh3 Rb2 51. Rh8 Kg6
52. f5+ Kxf5 53. Rxh5+ Kg6 54. Rh8 Kg7 55. Ra8 Kg6 56. Ra5 Rb3 57. h5+ Kh6 58.
Kh4 Rb1 59. Rf5 Rh1+ 60. Kg4 Kg7 61. Kf4 Rf1+ 62. Ke4 Re1+ 63. Kf4 Rf1+ 64. Kg4
Rc1 65. Rf4 Rc5 66. Kh4 Rc1 67. Ra4 Rh1+ 68. Kg4 Re1 69. Ra7+ Kh6 70. Rf7 Rf1
71. Kh4 Rh1+ 72. Kg4 Rf1 73. Rf8 Kg7 74. Rb8 Kh6 75. Rb5 Rf2 76. Kh3 f5 77. g4
fxg4+ 78. Kxg4 Rg2+ 79. Kf3 Rg5 1/2-1/2

[Event "Mercredi 2019.01.09 ABCD"]
[Site "Montreal CAN"]
[Date "2019.01.09"]
[Round "1"]
[White "Boudreau, Daniel"]
[Black "Boucher, Antoni"]
[Result "1/2-1/2"]
[WhiteElo "2056"]
[BlackElo "1937"]
[PlyCount "112"]
[EventDate "2019.01.09"]
[EventType "tourn"]
[EventRounds "5"]
[EventCountry "CAN"]

1. e4 c6 2. d4 d5 3. exd5 cxd5 4. c4 Nf6 5. Nc3 e6 6. Nf3 Be7 7. Bd3 O-O 8. O-O
Nc6 9. a3 b6 10. b4 dxc4 11. Bxc4 Bb7 12. Bb2 Rc8 13. Bb3 Nb8 14. Ne5 Nd5 15.
Rc1 Nxc3 16. Bxc3 Bd5 17. Ba4 a6 18. Qd3 Bf6 19. Ng4 Bc4 20. Qe3 Bxf1 21. Rxf1
Nd7 22. f4 b5 23. Bb3 Nb6 24. Ba1 Nd5 25. Qe4 Nc3 26. Nxf6+ Qxf6 27. Qd3 Nd5
28. f5 Qg5 29. Bxd5 exd5 30. Bc3 Rfe8 31. Bd2 Qf6 32. Bf4 Qc6 33. f6 Qc3 34.
Qd1 Qc2 35. Qh5 Qe4 36. Be5 Rc2 37. Qg5 Qg6 38. Qxg6 hxg6 39. fxg7 Re2 40. Rf6
Re6 41. Rf3 R6xe5 42. dxe5 Rxe5 43. Kf2 Kxg7 44. g4 Re6 45. g5 f5 46. Rd3 Re5
47. Rc3 Kf7 48. Rc7+ Re7 49. Rc6 Re6 50. Rc7+ Ke8 51. Rc5 Rd6 52. Ke3 Ke7 53.
Kd4 Ke6 54. Rc8 Kd7 55. Rc5 Ke6 56. Rc8 Kd7 1/2-1/2

[Event "Mercredi 2019.01.09 ABCD"]
[Site "Montreal CAN"]
[Date "2019.01.09"]
[Round "1"]
[White "Feoktistov, Dmitri"]
[Black "Tremblay, Alain"]
[Result "1/2-1/2"]
[WhiteElo "2150"]
[BlackElo "2057"]
[PlyCount "87"]
[EventDate "2019.01.09"]
[EventType "tourn"]
[EventRounds "5"]
[EventCountry "CAN"]

1. d4 Nf6 2. c4 e6 3. Nc3 d5 4. Bg5 Be7 5. Nf3 h6 6. Bh4 O-O 7. e3 b6 8. cxd5
exd5 9. Bd3 Be6 10. O-O Nbd7 11. Rc1 c5 12. dxc5 Nxc5 13. Bb1 Rc8 14. Nd4 Qd7
15. Qe2 Nfe4 16. Bxe7 Qxe7 17. f3 Nxc3 18. Rxc3 g6 19. Ra3 a5 20. f4 f5 21. g4
Ne4 22. Rb3 Qd6 23. Qa6 Rb8 24. Rc1 Rfc8 25. Rxc8+ Bxc8 26. Qe2 fxg4 27. Bxe4
dxe4 28. Rc3 Bd7 29. Qc2 Re8 30. Rc7 Re7 31. Qc3 g3 32. hxg3 g5 33. Kf2 gxf4
34. gxf4 Qf6 35. Ke1 Qh4+ 36. Kd2 Qf2+ 37. Ne2 Bg4 38. Qc4+ Be6 39. Qc6 Rxc7
40. Qxc7 Bg4 41. Qd8+ Kf7 42. Qd5+ Kf8 43. Qd6+ Kf7 44. Qd5+ 1/2-1/2

[Event "Mercredi 2019.01.09 ABCD"]
[Site "Montreal CAN"]
[Date "2019.01.09"]
[Round "1"]
[White "Gates, Claude-Eric"]
[Black "Guipi Bopala, Prince Eric jr"]
[Result "0-1"]
[WhiteElo "1819"]
[BlackElo "1806"]
[PlyCount "96"]
[EventDate "2019.01.09"]
[EventType "tourn"]
[EventRounds "5"]
[EventCountry "CAN"]

1. d4 d5 2. c4 e6 3. Nc3 c6 4. e3 f5 5. Nf3 Bd6 6. Qc2 Nh6 7. Bd2 Nd7 8. Bd3
O-O 9. Ne2 Nf6 10. h3 Ne4 11. Bc3 Qe7 12. Rf1 Nf7 13. O-O-O Bd7 14. Nd2 Nxd2
15. Rxd2 dxc4 16. Bxc4 b5 17. Bb3 b4 18. g4 bxc3 19. bxc3 c5 20. gxf5 exf5 21.
Rg1 cxd4 22. Nxd4 Rac8 23. Kb1 Qe4 24. Rd3 Be5 25. f3 Qb7 26. Ka1 Bxd4 27. exd4
Qc6 28. Qg2 Qf6 29. f4 Kh8 30. Rg3 g6 31. Qd2 Nd6 32. Qb2 Ne4 33. Re3 Be6 34.
d5 Bf7 35. c4 Qxb2+ 36. Kxb2 Nd2 37. Rc1 Ne4 38. h4 Rc5 39. h5 gxh5 40. Rh1 Nd6
41. Rc1 Rfc8 42. Rec3 Ne4 43. Rd3 Nd6 44. Rdc3 h4 45. Rh1 Nxc4+ 46. Bxc4 Rxc4
47. Ra3 Bxd5 48. Rxa7 Bxh1 0-1

[Event "Mercredi 2019.01.09 ABCD"]
[Site "Montreal CAN"]
[Date "2019.01.09"]
[Round "1"]
[White "Jacquet, Stephane"]
[Black "Nesterov, Timour"]
[Result "1/2-1/2"]
[WhiteElo "1956"]
[BlackElo "1944"]
[PlyCount "77"]
[EventDate "2019.01.09"]
[EventType "tourn"]
[EventRounds "5"]
[EventCountry "CAN"]

1. d4 e6 2. Nf3 f5 3. g3 b6 4. Bg2 Bb7 5. O-O Nf6 6. Bg5 Be7 7. Nbd2 O-O 8. Re1
Ne4 9. Bxe7 Qxe7 10. Ne5 d6 11. Nd3 Nd7 12. f3 Nxd2 13. Qxd2 e5 14. c3 e4 15.
Nf4 Nf6 16. c4 d5 17. b3 Rad8 18. Qc3 c5 19. cxd5 Nxd5 20. Nxd5 cxd4 21. Qxd4
Rxd5 22. Qe3 Re5 23. f4 Rc5 24. Rad1 Rfc8 25. Rd2 Rc2 26. Red1 Rxd2 27. Qxd2
Rc7 28. e3 Bc6 29. Bf1 Rd7 30. Qc2 Rxd1 31. Qxd1 Qd7 32. Bc4+ Kf8 33. Qxd7 Bxd7
34. Kf2 b5 35. Bd5 b4 36. g4 g6 37. Kg3 Kg7 38. Kh4 h6 39. Kg3 1/2-1/2

[Event "Mercredi 2019.01.09 ABCD"]
[Site "Montreal CAN"]
[Date "2019.01.09"]
[Round "1"]
[White "Jean, Robert"]
[Black "Ostaci, Liviu"]
[Result "0-1"]
[WhiteElo "1735"]
[BlackElo "1713"]
[PlyCount "132"]
[EventDate "2019.01.09"]
[EventType "tourn"]
[EventRounds "5"]
[EventCountry "CAN"]

1. d4 d6 2. e4 g6 3. Nc3 Bg7 4. Be3 c6 5. Qd2 Nd7 6. O-O-O e6 7. Kb1 d5 8. exd5
cxd5 9. Nf3 Nb6 10. Bf4 Bd7 11. Nb5 Bxb5 12. Bxb5+ Kf8 13. Qb4+ Ne7 14. Bg5 h6
15. Bh4 g5 16. Bg3 Bf6 17. Be5 Kg7 18. Qe1 Ng6 19. Bd3 Bxe5 20. Bxg6 Bf6 21.
Bh5 Rc8 22. Ne5 Rf8 23. g3 Bxe5 24. dxe5 Nc4 25. Rd3 Qc7 26. Qc3 Qxe5 27. Qxe5+
Nxe5 28. Rb3 Rc7 29. f4 Nc4 30. Rd3 Nd6 31. fxg5 hxg5 32. h4 gxh4 33. gxh4 Rc4
34. b3 Rf4 35. Bd1 Ne4 36. Rh2 Nf6 37. Rg3+ Kh8 38. Kb2 Rg8 39. Rxg8+ Kxg8 40.
h5 e5 41. h6 Kh7 42. Kc3 Ng8 43. Bh5 Nxh6 44. Be2 Kg7 45. a4 Nf5 46. Rg2+ Kf8
47. Rh2 Rh4 48. Rf2 Nd6 49. Kb2 f5 50. Rg2 Kf7 51. Rg5 Rh6 52. a5 a6 53. Ka3 e4
54. Kb4 Kf6 55. Rg8 Ke5 56. Kc5 Rh2 57. Bd1 e3 58. Rg1 f4 59. Bf3 Rxc2+ 60. Kb4
Ne4 61. Ka3 Rc7 62. Kb2 d4 63. Rg8 Nd2 64. Re8+ Kd6 65. Bg4 Re7 66. Rd8+ Ke5
0-1

[Event "Mercredi 2019.01.09 ABCD"]
[Site "Montreal CAN"]
[Date "2019.01.09"]
[Round "1"]
[White "Nardone, Raul"]
[Black "O'Neill, Brendon"]
[Result "1-0"]
[WhiteElo "1729"]
[BlackElo "1716"]
[PlyCount "71"]
[EventDate "2019.01.09"]
[EventType "tourn"]
[EventRounds "5"]
[EventCountry "CAN"]

1. Nf3 c5 2. c4 Nf6 3. Nc3 Nc6 4. g3 d6 5. Bg2 e6 6. O-O Be7 7. d3 O-O 8. Rb1
d5 9. Nd2 d4 10. Nce4 Nxe4 11. Nxe4 e5 12. a3 Be6 13. b3 f5 14. Nd2 Qd7 15. Nf3
f4 16. b4 cxb4 17. axb4 Bd6 18. Ng5 Kh8 19. Nxe6 Qxe6 20. c5 Bc7 21. Qb3 Qf6
22. Qd5 Rad8 23. Qe4 Rb8 24. Ba3 g5 25. b5 Ne7 26. Rbc1 g4 27. Bb2 f3 28. exf3
gxf3 29. Bh1 Qf7 30. Ba3 Nd5 31. b6 Nc3 32. Rxc3 dxc3 33. bxc7 Qxc7 34. Bxf3
Qf7 35. Qxe5+ Kg8 36. Bd5 1-0

[Event "Mercredi 2019.01.09 ABCD"]
[Site "Montreal CAN"]
[Date "2019.01.09"]
[Round "1"]
[White "Pomerantz, Daniel"]
[Black "Beaulieu, Eric"]
[Result "1-0"]
[WhiteElo "2121"]
[BlackElo "2224"]
[PlyCount "55"]
[EventDate "2019.01.09"]
[EventType "tourn"]
[EventRounds "5"]
[EventCountry "CAN"]

1. e4 c5 2. Nf3 e6 3. d4 cxd4 4. Nxd4 a6 5. Bd3 Bc5 6. Nb3 Be7 7. O-O d6 8. c4
Nf6 9. Nc3 b6 10. f4 Nbd7 11. Qe2 O-O 12. Bd2 Bb7 13. Rae1 Rc8 14. Bc2 e5 15.
Nd5 Bxd5 16. exd5 Nxd5 17. Bxh7+ Kxh7 18. cxd5 Kg8 19. Bc3 Bf6 20. fxe5 Bxe5
21. Nd4 Bxd4+ 22. Bxd4 Qg5 23. Rf3 Qxd5 24. Bxg7 Qc5+ 25. Re3 Rfe8 26. Qg4 Kh7
27. Bd4 Rxe3 28. Qg7# 1-0

[Event "Mercredi 2019.01.09 ABCD"]
[Site "Montreal CAN"]
[Date "2019.01.09"]
[Round "1"]
[White "Zheng, Richard"]
[Black "Have, Didier"]
[Result "1-0"]
[WhiteElo "2073"]
[BlackElo "2100"]
[PlyCount "81"]
[EventDate "2019.01.09"]
[EventType "tourn"]
[EventRounds "5"]
[EventCountry "CAN"]

1. d4 d6 2. e4 Nf6 3. Bd3 e5 4. Ne2 Nc6 5. d5 Ne7 6. c4 h6 7. Nbc3 Bd7 8. f3
Ng6 9. Be3 Be7 10. Qd2 Nh4 11. Ng1 c6 12. g3 Ng6 13. O-O-O cxd5 14. exd5 Rc8
15. Bxa7 Qa5 16. Be3 e4 17. Be2 b5 18. Kb1 exf3 19. Nxf3 b4 20. Nb5 Bf5+ 21.
Bd3 Bxd3+ 22. Qxd3 O-O 23. Nbd4 Ng4 24. Nc6 Rxc6 25. dxc6 Ra8 26. Bd4 Qxa2+ 27.
Kc1 N6e5 28. Bxe5 dxe5 29. Rd2 e4 30. Qxe4 Bf6 31. c7 Ne3 32. Qxe3 Qa1+ 33. Kc2
Qxb2+ 34. Kd3 Ra3+ 35. Ke2 Rxe3+ 36. Kxe3 Qa3+ 37. Ke2 Qa8 38. Rhd1 Qe4+ 39.
Kf2 Qxc4 40. Rd8+ Kh7 41. c8=Q 1-0

[Event "Mercredi 2019.01.09 ABCD"]
[Site "Montreal CAN"]
[Date "2019.01.16"]
[Round "2"]
[White "Alcantara, Maximo jr"]
[Black "Jean, Robert"]
[Result "0-1"]
[WhiteElo "1766"]
[BlackElo "1735"]
[PlyCount "120"]
[EventDate "2019.01.09"]
[EventType "tourn"]
[EventRounds "5"]
[EventCountry "CAN"]

1. Nf3 Nf6 2. d4 d5 3. g3 e6 4. Bg2 b5 5. O-O Bb7 6. c3 Nbd7 7. Re1 Be7 8. Nbd2
c5 9. Nb3 c4 10. Nbd2 O-O 11. Nf1 Ne4 12. N3d2 f5 13. f3 Nd6 14. e4 fxe4 15.
fxe4 a5 16. Qg4 Rf6 17. exd5 Rg6 18. Qe2 Nf8 19. Ne4 Bxd5 20. Ne3 Bxe4 21. Bxe4
Nxe4 22. Ng4 Nd6 23. Ne5 Rf6 24. Bg5 Rf7 25. Nxf7 Nxf7 26. Be3 Qd5 27. Rad1 Bg5
28. Qf2 Re8 29. Rf1 Bxe3 30. Qxe3 Ng5 31. Rf4 Nh3+ 32. Kf1 Nxf4 33. Qxf4 Ng6
34. Qe3 Rf8+ 35. Kg1 Rf6 36. Re1 Nf8 37. Re2 Qf3 38. Qxf3 Rxf3 39. Re5 Rf5 40.
Re4 Kf7 41. g4 Rd5 42. h4 Nd7 43. Kf2 Ke7 44. g5 g6 45. Kg3 Kd6 46. Kg4 Rf5 47.
h5 e5 48. hxg6 hxg6 49. Re2 Kd5 50. Rh2 exd4 51. cxd4 Nf8 52. Rh6 Rf1 53. Rh2
Kxd4 54. Rd2+ Kc5 55. Rd8 Rf5 56. a3 b4 57. Rc8+ Kd4 58. Rd8+ Ke3 59. Rc8 Kd3
60. a4 c3 0-1

[Event "Mercredi 2019.01.09 ABCD"]
[Site "Montreal CAN"]
[Date "2019.01.16"]
[Round "2"]
[White "Baran, Marius"]
[Black "Guipi Bopala, Prince Eric jr"]
[Result "1-0"]
[WhiteElo "1766"]
[BlackElo "1806"]
[PlyCount "49"]
[EventDate "2019.01.09"]
[EventType "tourn"]
[EventRounds "5"]
[EventCountry "CAN"]

1. e4 e5 2. Nf3 Nc6 3. d4 exd4 4. Bc4 Nf6 5. e5 d5 6. Bb5 Ne4 7. Nxd4 Bd7 8.
Bxc6 bxc6 9. O-O Be7 10. f3 Nc5 11. f4 Ne4 12. Nc3 Nxc3 13. bxc3 O-O 14. f5 Bg5
15. Qg4 Bxc1 16. Raxc1 c5 17. Nb3 c4 18. Nd4 c5 19. Ne2 Kh8 20. Qg3 Rg8 21.
Rcd1 Bc6 22. Nf4 Qd7 23. e6 fxe6 24. Ng6+ hxg6 25. Qh4# 1-0

[Event "Mercredi 2019.01.09 ABCD"]
[Site "Montreal CAN"]
[Date "2019.01.16"]
[Round "2"]
[White "Barko, Maxim"]
[Black "Beaulieu, Pierre"]
[Result "1-0"]
[WhiteElo "1880"]
[BlackElo "1877"]
[PlyCount "75"]
[EventDate "2019.01.09"]
[EventType "tourn"]
[EventRounds "5"]
[EventCountry "CAN"]

1. d4 d5 2. c4 e6 3. Nc3 c6 4. Nf3 Nf6 5. e3 dxc4 6. Bxc4 Nbd7 7. Qc2 Be7 8.
O-O b5 9. Bd3 Bb7 10. e4 b4 11. Na4 Qa5 12. Re1 Rc8 13. b3 Ba6 14. Bd2 Bxd3 15.
Qxd3 Qb5 16. Nb2 O-O 17. Rac1 Qxd3 18. Nxd3 c5 19. dxc5 Nxc5 20. Nxb4 a5 21. e5
Nfe4 22. Nc6 Rxc6 23. Rxe4 Nxe4 24. Rxc6 Nxd2 25. Nxd2 Rd8 26. Nf1 g6 27. Rc2
Rd1 28. g3 Re1 29. f4 g5 30. Kf2 Rd1 31. Ke2 Ra1 32. Ne3 gxf4 33. gxf4 Bb4 34.
Kf3 h5 35. Ke4 Re1 36. Kd3 Kh7 37. Nc4 h4 38. Nd6 {time} 1-0

[Event "Mercredi 2019.01.09 ABCD"]
[Site "Montreal CAN"]
[Date "2019.01.16"]
[Round "2"]
[White "Beaulieu, Eric"]
[Black "Feoktistov, Dmitri"]
[Result "1-0"]
[WhiteElo "2224"]
[BlackElo "2150"]
[PlyCount "51"]
[EventDate "2019.01.09"]
[EventType "tourn"]
[EventRounds "5"]
[EventCountry "CAN"]

1. d4 f5 2. Nf3 Nf6 3. g3 g6 4. Bg2 Bg7 5. O-O O-O 6. b3 d6 7. Bb2 c6 8. c4 Re8
9. Nc3 Qc7 10. d5 e5 11. dxe6 Bxe6 12. Ng5 Nbd7 13. Qc2 Ne5 14. e3 Rad8 15.
Nxe6 Rxe6 16. Rad1 Qf7 17. Rd2 Nh5 18. Ne2 g5 19. Nd4 f4 20. Nxe6 Qxe6 21. exf4
gxf4 22. Qe4 Rf8 23. Rfd1 Nf6 24. Qxf4 Nfg4 25. Qe4 Qf6 26. Qxg4 1-0

[Event "Mercredi 2019.01.09 ABCD"]
[Site "Montreal CAN"]
[Date "2019.01.16"]
[Round "2"]
[White "Boucher, Antoni"]
[Black "Nesterov, Timour"]
[Result "0-1"]
[WhiteElo "1937"]
[BlackElo "1944"]
[PlyCount "132"]
[EventDate "2019.01.09"]
[EventType "tourn"]
[EventRounds "5"]
[EventCountry "CAN"]

1. d4 e6 2. c4 f5 3. Nc3 Nf6 4. e3 b6 5. Bd3 Bb7 6. f3 Be7 7. Nge2 O-O 8. O-O
Qe8 9. a3 a6 10. b4 d6 11. Bb2 Nbd7 12. Qc2 g6 13. Nf4 Qf7 14. Rac1 Rae8 15.
Rfe1 e5 16. Nh3 h6 17. d5 Kg7 18. f4 Ng4 19. Nf2 Ndf6 20. Nxg4 Nxg4 21. h3 Nf6
22. Qb1 c6 23. dxc6 Bxc6 24. Qc2 Kh7 25. Na4 Bd8 26. Nc3 Nh5 27. Qf2 Bf6 28.
Ba1 Qe7 29. Ne2 Ba8 30. Kh2 Rf7 31. Bc2 Qc7 32. Bb3 Rfe7 33. Nc3 exf4 34. Nd5
Bxd5 35. cxd5 fxe3 36. Qe2 Qb7 37. Bxf6 Nxf6 38. Rc6 Ne4 39. Rec1 f4 40. Bc2
Ng3 41. Qg4 Rg7 42. Bxg6+ Kh8 43. Rc8 Reg8 44. Rxg8+ Rxg8 45. Qe6 e2 46. Qxd6
Qg7 47. Rg1 e1=Q 48. Rxe1 Qxg6 49. Qxg6 Rxg6 50. Re8+ Kg7 51. Rd8 Kf7 52. Rd7+
Kf6 53. Rd8 Ke5 54. Ra8 b5 55. Rf8 Rd6 56. Kg1 Rxd5 57. Re8+ Kf5 58. Rf8+ Ke4
59. Re8+ Re5 60. Ra8 Re6 61. Kf2 Nf5 62. Rd8 Ne3 63. Rg8 Nc2 64. g4 Nxa3 65.
Rc8 Nc4 66. Rg8 Ne5 0-1

[Event "Mercredi 2019.01.09 ABCD"]
[Site "Montreal CAN"]
[Date "2019.01.16"]
[Round "2"]
[White "Gauthier, Luc"]
[Black "O'Neill, Brendon"]
[Result "0-1"]
[WhiteElo "1670"]
[BlackElo "1716"]
[PlyCount "86"]
[EventDate "2019.01.09"]
[EventType "tourn"]
[EventRounds "5"]
[EventCountry "CAN"]

1. e4 c5 2. Nc3 d6 3. f4 Nc6 4. Nf3 e6 5. g3 Be7 6. Bg2 Nf6 7. d3 O-O 8. O-O
Bd7 9. h3 Rb8 10. g4 b5 11. Ne2 a5 12. Ng3 Qc7 13. g5 Ne8 14. h4 d5 15. e5 g6
16. h5 Ng7 17. Nh2 c4 18. Ng4 Qb6+ 19. Kh2 Nf5 20. Nxf5 exf5 21. Nf6+ Bxf6 22.
gxf6 Be6 23. Qe1 cxd3 24. Qg3 Rfc8 25. Qg5 Kf8 26. hxg6 hxg6 27. Rf3 dxc2 28.
Rh3 Ke8 29. Rh8+ Kd7 30. Rh7 Qf2 31. Qxg6 Rf8 32. Qh5 d4 33. Qf3 Qxf3 34. Bxf3
Rh8 35. Rxh8 Rxh8+ 36. Kg3 d3 37. Bd2 a4 38. Kf2 Rd8 39. Ke3 Kc7 40. a3 Nd4 41.
Ba5+ Kc8 42. Bxd8 Nb3 43. Ba5 Nxa1 0-1

[Event "Mercredi 2019.01.09 ABCD"]
[Site "Montreal CAN"]
[Date "2019.01.16"]
[Round "2"]
[White "Have, Didier"]
[Black "Tremblay, Alain"]
[Result "1/2-1/2"]
[WhiteElo "2100"]
[BlackElo "2057"]
[PlyCount "50"]
[EventDate "2019.01.09"]
[EventType "tourn"]
[EventRounds "5"]
[EventCountry "CAN"]

1. d4 g6 2. Bf4 Bg7 3. Nc3 d6 4. e4 Nd7 5. Nf3 e5 6. dxe5 dxe5 7. Bg5 f6 8. Be3
c6 9. Bc4 Nh6 10. h3 Nb6 11. Qxd8+ Kxd8 12. Bb3 Ke8 13. a4 Nf7 14. a5 Nd7 15.
O-O Bf8 16. Rfd1 Nc5 17. Bc4 Be6 18. Be2 a6 19. Nd2 f5 20. f3 Nd7 21. Bc4 Bxc4
22. Nxc4 Bc5 23. Na4 Bxe3+ 24. Nxe3 fxe4 25. fxe4 Ke7 1/2-1/2

[Event "Mercredi 2019.01.09 ABCD"]
[Site "Montreal CAN"]
[Date "2019.01.16"]
[Round "2"]
[White "Nunez, Omar"]
[Black "Jacquet, Stephane"]
[Result "0-1"]
[WhiteElo "1941"]
[BlackElo "1956"]
[PlyCount "72"]
[EventDate "2019.01.09"]
[EventType "tourn"]
[EventRounds "5"]
[EventCountry "CAN"]

1. d4 c5 2. e4 cxd4 3. c3 d3 4. Bxd3 g6 5. f4 Bg7 6. Nf3 d6 7. O-O Nf6 8. Qe2
O-O 9. Kh1 Nc6 10. Be3 e5 11. fxe5 Nxe5 12. Nxe5 dxe5 13. Nd2 Bg4 14. Nf3 Nh5
15. Rad1 Qc7 16. Bc2 f5 17. Qb5 f4 18. Bb3+ Kh8 19. Bc5 Rf6 20. Bf2 h6 21. Rd5
a6 22. Qd3 Rc6 23. Nxe5 Bxe5 24. Rxe5 Rf8 25. Rd5 f3 26. Bd4+ Kh7 27. Be5 Nf4
28. Bxf4 Qxf4 29. Rd7+ Bxd7 30. Qxd7+ Kh8 31. Rxf3 Qc1+ 32. Bd1 Rcf6 33. Rxf6
Rxf6 34. Qe8+ Kg7 35. Qe7+ Rf7 36. Qe5+ Kh7 0-1

[Event "Mercredi 2019.01.09 ABCD"]
[Site "Montreal CAN"]
[Date "2019.01.16"]
[Round "2"]
[White "O'Connor, Michael"]
[Black "Gates, Claude-Eric"]
[Result "0-1"]
[WhiteElo "1768"]
[BlackElo "1819"]
[PlyCount "146"]
[EventDate "2019.01.09"]
[EventType "tourn"]
[EventRounds "5"]
[EventCountry "CAN"]

1. d4 g6 2. Nf3 Bg7 3. c4 d6 4. Nc3 a6 5. h3 Nf6 6. e4 O-O 7. Be2 c6 8. a4 a5
9. O-O Na6 10. Be3 Bd7 11. e5 Ne8 12. Qd2 Nac7 13. Bh6 dxe5 14. Bxg7 Nxg7 15.
dxe5 Qc8 16. Rad1 Rd8 17. Qg5 Re8 18. Bd3 Bf5 19. Ne4 Nce6 20. Qh6 Bxe4 21.
Bxe4 Qc7 22. Rd2 Rad8 23. Rfd1 Rxd2 24. Rxd2 Rd8 25. Bc2 c5 26. Rd5 b6 27. g4
Rf8 28. Qd2 Rd8 29. Qh6 f6 30. exf6 exf6 31. Qh4 Qe7 32. Qg3 Nc7 33. Rxd8+ Qxd8
34. Qf4 Qe7 35. Qd2 Nge6 36. Be4 Kg7 37. Bd5 Qd7 38. Bxe6 Qxe6 39. b3 Qe7 40.
Kg2 Ne6 41. Ne1 Nd4 42. Qc3 Qe4+ 43. Nf3 Nc6 44. Qd2 Nd4 45. Qc3 g5 46. Qe3
Qxe3 47. fxe3 Nxb3 48. Kf2 Nc1 49. h4 h6 50. hxg5 hxg5 51. Ke1 Nd3+ 52. Ke2
Nc1+ 53. Kd2 Na2 54. Ng1 Nb4 55. Ne2 Nc6 56. Ng3 Ne5 57. Nf5+ Kf8 58. Nd6 Nxg4
59. Nc8 Ne5 60. Nxb6 g4 61. Ke2 f5 62. Kf2 Kf7 63. Kg3 Ke6 64. Kf4 Nd3+ 65. Kg3
Ke5 66. Nd5 Nb2 67. Nb6 Ke4 68. Nd7 Nxa4 69. Kf2 g3+ 70. Ke2 g2 71. Kf2 g1=Q+
72. Kxg1 Kxe3 73. Ne5 Kd4 0-1

[Event "Mercredi 2019.01.09 ABCD"]
[Site "Montreal CAN"]
[Date "2019.01.16"]
[Round "2"]
[White "Ostaci, Liviu"]
[Black "Nardone, Raul"]
[Result "0-1"]
[WhiteElo "1713"]
[BlackElo "1729"]
[PlyCount "62"]
[EventDate "2019.01.09"]
[EventType "tourn"]
[EventRounds "5"]
[EventCountry "CAN"]

1. e4 c5 2. Nc3 Nc6 3. f4 g6 4. Bb5 Nd4 5. Be2 Bg7 6. d3 e6 7. Be3 Ne7 8. Bf3
d6 9. Qd2 Rb8 10. O-O-O b5 11. Nce2 b4 12. Bxd4 cxd4 13. Kb1 a5 14. g4 Qb6 15.
Ng3 Nc6 16. N1e2 a4 17. b3 axb3 18. cxb3 Na7 19. h4 Nb5 20. h5 Nc3+ 21. Nxc3
dxc3 22. Qc2 Qe3 23. Qe2 Qd4 24. Kc2 Ra8 25. Ra1 Ra3 26. h6 Bf6 27. g5 Bd8 28.
f5 Bxg5 29. fxe6 fxe6 30. Bg2 O-O 31. Bf3 Bd7 0-1

[Event "Mercredi 2019.01.09 ABCD"]
[Site "Montreal CAN"]
[Date "2019.01.16"]
[Round "2"]
[White "Zheng, Richard"]
[Black "Pomerantz, Daniel"]
[Result "1/2-1/2"]
[WhiteElo "2073"]
[BlackElo "2121"]
[PlyCount "100"]
[EventDate "2019.01.09"]
[EventType "tourn"]
[EventRounds "5"]
[EventCountry "CAN"]

1. b3 e5 2. Bb2 Nc6 3. e3 Nf6 4. Bb5 Bd6 5. Bxc6 dxc6 6. d3 O-O 7. Nd2 Re8 8.
e4 Bg4 9. Ne2 Nh5 10. h3 Bxe2 11. Qxe2 Nf4 12. Qf3 a5 13. O-O Re6 14. Kh2 Rf6
15. Qe3 Qe7 16. Nc4 Rh6 17. Qf3 Rf6 18. Nxd6 cxd6 19. Qe3 c5 20. g3 Ne6 21. f4
Nd4 22. Bxd4 cxd4 23. Qd2 Rc8 24. Rac1 Qc7 25. f5 h6 26. Kh1 d5 27. exd5 Qc5
28. Qg2 Rd6 29. f6 Rxf6 30. Rxf6 gxf6 31. Qf3 Rd8 32. Qxf6 Qxd5+ 33. Kh2 Rd6
34. Qf5 Rc6 35. h4 Qe6 36. Qf2 Qc8 37. g4 Rg6 38. Rf1 Qe6 39. Qf5 Rxg4 40. Qxe6
fxe6 41. Rf6 Rf4 42. Rxe6 Rf2+ 43. Kg3 Rxc2 44. Rxe5 Rxa2 45. Re8+ Kf7 46. Rb8
Rd2 47. Rxb7+ Ke6 48. Rb6+ Kd7 49. Kf4 Rxd3 50. Ke4 Rh3 1/2-1/2